Statistics for Countries Where The 20 Best Jetpunkers Live

Click here to take the quiz!

General Stats

  • This quiz has been taken 61 times
  • The average score is 14 of 17

Answer Stats

RankUserCountry% Correct
#9kiwirageUnited States
100%
#3Quizzer6794United States
100%
#18kalbahamutUnited States
100%
#11WolfCamUnited States
100%
#6Gamer 1162United States
100%
#2StewartUnited Kingdom
98%
#1relessnessUnited Kingdom
98%
#20scambiandJerryItaly/New Zealand
92%
#16JiaoziraCanada
88%
#4scambigolItaly
85%
#10SaturnPLPoland
78%
#14miki2003Poland
78%
#17VickyBrazil
76%
#5Jerry928New Zealand
73%
#12Aaron197Sweden
68%
#8GassuSwitzerland
64%
#7KoljiVriVodaSerbia
37%

Score Distribution

Percentile by Number Answered

Percent of People with Each Score

Your Score History

You have not taken this quiz